000 00775nam a2200253Ia 4500
003 OSt
005 20220918222023.0
006 a|||||r|||| 00| 0
007 ta
008 220917b |||||||| |||| 00| 0 eng d
024 _a214,750
037 _cTextual
040 _aARTS
_cARTS
_beng
041 _2eng
_aeng
082 _aS:86, N8
100 _aDeurzen Emmy Van
_9142012
245 0 _aParadox and passion in psychoterapy
_b An existential approach to therapy and counselling
260 _aNewYork
_bJohn wiley and sons
_c1998
300 _axiv, 181 p
_ccm.
490 _aWiley series in existential perspectives on psychoterapy and counselling
650 _aPSYCHOLOGY
942 _hS:86, N8
_cTEXL
_2CC
999 _c274343
_d274343